Cuentos completos / (Registro nro. 14588)
[ vista simple ]
| 000 -LIDER | |
|---|---|
| fixed length control field | 00971nam a2200301 a 4500 |
| 001 - NÚMERO DE CONTROL | |
| Identificador de número de control | 000007137 |
| 003 - IDENTIFICACDOR DE NÚMERO DE CONTROL | |
| control field | DO-SdBNP |
| 005 - DATE AND TIME OF LATEST TRANSACTION | |
| control field | 20240312135116.0 |
| 007 - CAMPOS FIJOS DE DESCRIPCIÓN FÍSICA | |
| fixed length control field | 000007137 |
| 008 - ELEMENTOS DE LONGITUD FIJA | |
| fixed length control field | 090717s2013 mx 001 0 spa d |
| 020 ## - ISBN | |
| Canceled/invalid ISBN | 9786071617750 |
| 040 ## - FUENTE DE CATALOGACIÓN | |
| Agencia que crea de manera original el registro | BPMSU |
| Idioma de catalogación | spa |
| Agencia que realiza la transcripción | BPMSU |
| 082 #4 - NÚMERO DE CLASIFICACIÓN DECIMAL DE DEWEY | |
| Classification number | N863.6 |
| Item number | R173c 2013 |
| Edition number | 22 |
| 100 1# - ASIENTO PRINCIPAL -- NOMBRE PERSONAL | |
| Nombre personal | Ramírez, Sergio. |
| Fechas asociadas con el nombre | |
| 245 10 - MENCIÓN DE TITULO | |
| Título | Cuentos completos / |
| Mención de responsabilidad | Sergio Ramírez. |
| Subtítulo | |
| 260 ## - PUBLICACIÓN, DISTRIBUCIÓN, ETC. (PIE DE IMPRENTA) | |
| Lugar de publicación, distribución, etc | México : |
| Fecha de publicación, distribución, etc | 2013 |
| Nombre del editor, distribuidor, etc. | Fondo de Cultura Económica |
| -- | |
| 300 ## - DESCRIPCIÓN FÍSICA | |
| Extensión | 492 p. ; |
| Dimensiones | 23 cm. |
| Otros detalles físicos | |
| 490 0# - MENCIÓN DE SERIES | |
| Mención de serie | Tierra firme |
| 500 ## - NOTA GENERAL | |
| Nota general | Incluye datos biogràficos del autor en la contracubierta |
| 500 ## - NOTA GENERAL | |
| Nota general | Incluye referencias bibliográficas y notas al pie de las páginas |
| 590 ## - NOTA LOCAL | |
| Texto de la nota local | Inventariado, 2024/VM |
| 650 #4 - ENCABEZAMIENTO DE MATERIA--TEMÁTICO | |
| Término temático o nombre geográfico como elemento de entrada | Cuentos nicaragüenses. |
| 650 #4 - ENCABEZAMIENTO DE MATERIA--TEMÁTICO | |
| Término temático o nombre geográfico como elemento de entrada | Mujeres |
| Subdivisión de forma | Cuentos. |
| 650 #4 - ENCABEZAMIENTO DE MATERIA--TEMÁTICO | |
| Término temático o nombre geográfico como elemento de entrada | Vida cotidiana. |
| Subdivisión de forma | Cuentos. |
| 710 2# - ASIENTO SECUNDARIO -- NOMBRE CORPORATIVO | |
| Nombre corporativo o de jurisdicción | Fondo de Cultura Económica (México) |
| 910 ## - VALIDACIÓN | |
| Validación | VMateo V. Control de calidad BPMSU |
| 942 ## - ADDED ENTRY ELEMENTS (KOHA) | |
| Source of classification or shelving scheme | Dewey Decimal Classification |
| Koha item type | Libros |
| Withdrawn status | Lost status | Source of classification or shelving scheme | Damaged status | Not for loan | Collection code | Home library | Current library | Date acquired | Total Checkouts | Full call number | Barcode | Date last seen | Price effective from | Koha item type | Copy number |
|---|---|---|---|---|---|---|---|---|---|---|---|---|---|---|---|
| Dewey Decimal Classification | Colección General | Biblioteca Pública Metropolitana Salomé Ureña | Biblioteca Pública Metropolitana Salomé Ureña | 03/12/2024 | BPMSU CG N863.6 R173c 2013 | BPMSU24030032 | 03/12/2024 | 03/12/2024 | Libros | ||||||
| Dewey Decimal Classification | Colección General | Biblioteca Pública Metropolitana Salomé Ureña | Biblioteca Pública Metropolitana Salomé Ureña | 03/12/2024 | BPMSU CG N863.6 R173c 2013 | BPMSU24030033 | 03/12/2024 | 03/12/2024 | Libros | e.2 | |||||
| Dewey Decimal Classification | Colección General | Biblioteca Pública Metropolitana Salomé Ureña | Biblioteca Pública Metropolitana Salomé Ureña | 03/12/2024 | BPMSU CG N863.6 R173c 2013 | BPMSU24030034 | 03/12/2024 | 03/12/2024 | Libros | e.3 |